| 000 | 01537nam a2200277 i 4500 | ||
|---|---|---|---|
| 001 | 159938 | ||
| 003 | ES-MaACL | ||
| 005 | 20250921063035.0 | ||
| 008 | 940301m18761877sp |||| | spa d | ||
| 080 | _a94(37)".../-0510" | ||
| 080 | _a94(37)"-0510/-0030" | ||
| 100 | 1 |
_aMommsen, Theodor, _d1817-1903 _982081 |
|
| 245 | 1 | 0 |
_aHistoria de Roma / _cpor Teodoro Mommsen ; traducción de A. García Moreno ; con un prólogo y comentarios en la parte relativa a España por F. Fernández y González. |
| 260 |
_aMadrid : _bLibrería de Francisco Góngora, _c1876-1877. |
||
| 300 |
_a8 v. ; _c21 cm. |
||
| 490 | 1 | _aNueva biblioteca universal. Sección histórica | |
| 505 | 8 | _aContiene: I. Desde la fundación de Roma hasta la caída de los reyes (XVI, 365 p.) - II. Desde la expulsión de los reyes hasta la reunión de los estados itálicos (416 p.) - III. Desde la reunión de Italia hasta la sumisión de Cartago y Grecia (423 p.) - IV. Desde la expulsión de los reyes hasta la reunión de los estados itálicos - V-VI. La revolución (400 ; 304 p.) - VII-VIII. Fundación de la monarquía militar (458 ; 461 p.) | |
| 597 | _aAntep. | ||
| 651 | 4 |
_aRoma- _xHistoria- _yHasta 510 a. C. _99317 |
|
| 651 | 4 |
_aRoma- _xHistoria- _y510-30 a. C., República. _99313 |
|
| 700 | 1 |
_aGarcía Moreno, A. _954997 |
|
| 700 | 1 |
_aFernández y González, Francisco, _d1833-1917 _949827 |
|
| 830 | 1 |
_aNueva biblioteca universal. Sección histórica _9188772 |
|
| 852 |
_aES-MaACL _jD-4864-71 _z- Enc. hol. |
||
| 999 |
_c159938 _d159938 |
||